Wybory do Parlamentu Europejskiego 2009 - Statystyki

Ogólne statystyki
  • Ten quiz został rozwiązany 12 razy
  • Średni wynik to 6 z 12
Statystyki odpowiedzi
Miejsce Komitet Wyborczy Poparcie (%) Mandaty w PE % Poprawnych
2 Prawo i Sprawiedliwość 27,40 % 15
100%
1 Platforma Obywatelska 44,43 % 25
100%
4 Polskie Stronnictwo Ludowe 7,01 % 3
100%
3 Sojusz Lewicy Demokratycznej – Unia Pracy 12,34 % 7
100%
7 Samoobrona Rzeczpospolitej Polskiej 1,46 % 0
86%
8 Libertas 1,14 % 0
43%
6 Prawica Rzeczypospolitej 1,95 % 0
29%
9 Unia Polityki Realnej 1,10 % 0
29%
5 Porozumienie dla Przyszłości – CentroLewica (PD+SDPL+Zieloni 2004) 2,44 % 0
14%
11 Naprzód Polsko-Piast 0,02 % 0
14%
10 Polska Partia Pracy 0,70 % 0
14%
12 Polska Partia Socjalistyczna 0,02 % 0
14%
Nie znaleziono quizów pasujących do podanych kryteriów
Rozkład punktacji
Procent ludzi z każdym wynikiem
Percentyl według liczby udzielonych odpowiedzi
Twoja historia wyników
Nie rozwiązałeś tego quizu